000 00863nam a2200301Ia 4500
001 Para_2625
003 CHAP
008 220125s1999 xx 000 0 und d
010 _a201119
040 _cCHAP
082 _aPA-C 632.93 M49
110 _aMéxico. Dirección General de Agricultura
_976952
245 _aDisposiciones de cuarentena y sus reglamentos de la Dirección General de Agricultura /
_c DGA
260 _a-s.l.- :
_b -s.n.-
300 _a4 h.
500 _aEncuadernado
650 _aAgricultura
_x leyes
_91720
650 _aFitopatología
_941161
650 _aPlantas
_x cuarentena
_988811
650 _aSanidad vegetal
_9102224
901 _aPA-C 632.93 M49
902 _aM
905 _a000000-19-- -SL 0000000000 00
910 _a-19-
942 _cPARA
942 _cPARA
_d1
999 _c201119
_d201119